=LDR 00000nam 2200000 4500 =001 INLIS000000000031228 =005 20140924115230.0 =006 =007 =008 Ind =035 ##$$0010-061300000031228 =041 ##$$a Ind =082 ##$$a 618.2 =090 ##$$a 618.2, Mar p =100 ##$$a Maryunani, Anik =245 ##$$a Pengenalan alat/instrumen kesehatan dan kebidanan dalam praktik kebidanan, Anik Maryunani =260 ##$$a 2009 $b Jakarta =300 ##$$a x, 143 hlm, ilus, 21 cm =650 ##$$a Kebidanan - Alat =850 ##$$a NBPNMAT =990 ##$$a 0001/BPAP-NTB/2015 =990 ##$$a 0001/BPAP-NTB/2016 =990 ##$$a 0001/BPAP-NTB/2016